| 000 | 00410nam a2200145Ia 4500 | ||
|---|---|---|---|
| 008 | 231129s1988||||xx |||||||||||||| ||spa|| | ||
| 020 | _a958-95169-0 | ||
| 040 | _bspa | ||
| 082 | _a(i) Co863 G216cue | ||
| 100 | _aGarcia Marquez Gabriel | ||
| 245 | 0 | _aLos cuentos de mi abuelo el coronel | |
| 260 | _c1988 | ||
| 264 | _aSmurfit Carton de Colombia | ||
| 942 |
_2ddc _cBKS |
||
| 999 |
_c19590 _d19590 |
||